Soil nitrogen (Record no. 22509)

MARC details
000 -LEADER
fixed length control field 00346nam a2200133Ia 4500
082 ## - DEWEY DECIMAL CLASSIFICATION NUMBER
Classification number 631.4:546.17
Item number BAR
245 #0 - TITLE STATEMENT
Title Soil nitrogen
260 ## - PUBLICATION, DISTRIBUTION, ETC. (IMPRINT)
Place of publication Wisconsin
Name of publisher American Soc of Agronomy
Year of publication 1965
650 ## - SUBJECT ADDED ENTRY--TOPICAL TERM
Topical Term Soil nitrogen
700 ## - ADDED ENTRY--PERSONAL NAME
Personal name Bartholomev, W V
700 ## - ADDED ENTRY--PERSONAL NAME
Personal name Clark, Francis E
942 ## - ADDED ENTRY ELEMENTS (KOHA)
Koha item type Books
Holdings
Withdrawn status Lost status Damaged status Not for loan Home library Current library Date acquired Full call number Accession Number Koha item type
        RRII Library RRII Library 16/12/2021 631.4:546.17 BAR 03229 Books